000 00594nam a22002537a 4500
003 UA-OsUOA
001 29487
007 ta
008 20041012b un ||||| |||| 00| 0 ukr d
100 _aБульвер лорд Литтон Э. Д.
090 _a821.111
_bБ90
942 _cBK
040 _aUA-OsUOA
_brus
_cUA-OsUOA
_dUA-OsUOA
245 _aПоследние дни Помпеи
300 _a448 с.
955 _a0
041 _arus
080 _a821.111
020 _a5-87062-020-1
260 _aСПб
_bНИЦ
_c1993
044 _aRU
650 7 _2UDC
999 _c315878
_d315878